00310nam a2200109Ia 4500008004100000020001800041040002900059050002300088100002200111245003600133260003100169221222s9999||||xx |||||||||||||| ||und|| a0-07-301837-6 cChuka University Library aBSL 686 bM34 2006 aMaher, Michael W. 0aFundamentals of cost accounting aMcgraw hill bBostonc2006